|
|
|
|
| LEADER |
00000nam a2200000 a 4500 |
| 001 |
vtls011841153 |
| 003 |
SK-MaSNL |
| 005 |
20260301050653.0 |
| 008 |
251112 1652 gw 010 0 lat |
| 015 |
|
|
|a SNBHFA1652
|
| 040 |
|
|
|a SNK
|b slo
|c SNK
|e AACR2
|
| 041 |
0 |
|
|a lat
|
| 044 |
|
|
|a gw
|c DE
|
| 072 |
|
7 |
|a 11
|x Metafyzika
|2 konspekt
|
| 080 |
|
|
|a 11
|2 2011
|
| 100 |
1 |
|
|a Homborg, Johann,
|d 1600-1656
|4 aut
|4 ths
|9 356671
|
| 245 |
1 |
0 |
|a Dispvtationvm Metaphysicarvm
|n Septima
|p De Cavvsa Et Cavssa To In Genere Inprimis Vero De Efficiente
|c Qvam Praeside Iohanne Homborgio Phys. Prof. Ordin In Academia Jvlia De VII Ianuar. Publico examini subijcit Lvdolphvs Grupe Hannoveranus
|
| 260 |
|
|
|a Helmestadii
|b Typis Henningi Mvlleri
|c MDCLII [=1652]
|
| 300 |
|
|
|a [24] strán
|c 21 cm
|
| 500 |
|
|
|a Linka, ornamentálna iniciálka na 6 riadkov
|
| 501 |
|
|
|a Príväzok 28. k: DREIER, Christian. Sapientia Seu Philosophia Prima Ex Aristotele & optimis antiquis... Regiomonti: Typis Johannis Reusneri. Impensis Petri Hendeli Bibl., Anno M.DC.XLIII. [=1643]
|5 SNK IC 144351
|
| 561 |
|
|
|a Z knižnice Učenej spoločnosti malohontskej
|5 SNK IC 144351/prív.28
|
| 650 |
0 |
7 |
|a metafyzika
|2 SNKPH
|9 810
|
| 655 |
|
7 |
|a promočné tlače
|2 SNKPH
|9 73127
|
| 700 |
1 |
|
|a Grupe, Ludolf,
|d 1630-1693
|4 dis
|9 356672
|
| 700 |
1 |
|
|a Gesenius, Justus,
|d 1601-1673
|4 hnr
|9 339980
|
| 700 |
1 |
|
|a Braunschweig-Lüneburg, George Wilhelm von
|c vojvoda,
|d 1624-1705
|4 hnr
|9 356673
|
| 700 |
1 |
|
|a Bucholtz, Andreas Heinrich,
|d 1607-1671
|4 hnr
|9 356674
|
| 700 |
1 |
|
|a Eltz, Heinrich von,
|d 1599-1661
|4 hnr
|9 356675
|
| 700 |
1 |
|
|a Läger, Johann
|4 hnr
|9 356676
|
| 700 |
1 |
|
|a Kummen, Johann
|4 hnr
|9 356677
|
| 700 |
1 |
|
|a Langen, Matthiae
|4 hnr
|9 356678
|
| 700 |
1 |
|
|a Müller, Henning,
|d 1607-1675
|4 prt
|9 356679
|
| 710 |
2 |
|
|a Učená spoločnosť malohontská
|4 fmo
|9 205374
|
| 710 |
0 |
|
|a Müller, Henning (Helmstedt, Nemecko),
|d 1635-1674
|4 prt
|9 356680
|
| 752 |
|
|
|a Nemecko
|d Helmstedt
|
| 852 |
|
|
|a snk
|b Historické fondy
|p IC 144351/prív.28
|
| 999 |
|
|
|c 601513
|d 603443
|
| 952 |
|
|
|t MHC V.C.10
|a SNK
|b SNK
|c SNK_HF
|y PREZ
|7 0
|p 17A1355021
|o snkIC 144351/prív.28
|i snk2019/1369
|8 5
|0 0
|1 0
|4 0
|d 2019-02-15
|l 0
|r 2026-02-23 15:56:36
|w 2026-02-23
|